| 000 | 00355nam a2200145Ia 4500 | ||
|---|---|---|---|
| 008 | 240624s9999 xx 000 0 und d | ||
| 041 | _aeng | ||
| 082 | _a658.8 JAI | ||
| 100 | _aJAIN SUBHASH C | ||
| 245 | _aINTERNATIONAL MARKETING | ||
| 250 | _a(6th ed.) | ||
| 260 |
_c2001 _aAustralia _bSouth Western |
||
| 300 | _axv, : 520 : p. : cm. ; 24 | ||
| 365 | _cRS | ||
| 999 |
_c278 _d278 |
||